000 00609nam a22002057a 4500
005 20240826152041.0
008 240826b |||||||| |||| 00| 0 eng d
020 _a978-0-07-068120-0
082 _a629.8
_bDIS-C
100 _aDistefano, Joseph. J
245 _aControl Systems /
_cby Joseph J. Distefano, Allen R. Stubberud, and Ivan J Williams
250 _a3rd ed.
260 _aIndia :
_bTata McGraw Hill ;
_c1990
300 _axiv, 21.9 p. :
_c24 cm
500 _aInclude Index.
650 _aEngineering /Computer
700 _aStubberud, Allen R
700 _aWilliams, Ivan. J
999 _c36464
_d36464